Κατάλογος Βιβλιοθηκών Mediterranean College

Πηγές Ανάπτυξης: Μπορεί η Ελλάδα να Ακολουθήσει το Παράδειγμα της Ιρλανδίας; (Record no. 1998)

MARC details
000 -LEADER
fixed length control field 01614cam a22002054a 4500
005 - ΗΜΕΡΟΜΗΝΙΑ ΚΑΙ ΩΡΑ ΤΕΛΕΥΤΑΙΑΣ ΕΝΗΜΕΡΩΣΗΣ
Πεδίο ελέγχου 20250605164025.0
008 - FIXED-LENGTH DATA ELEMENTS--GENERAL INFORMATION
Πεδίο ελέγχου σταθερού μήκους 250528s ||||||||||||||||||||||||d
035 ## - SYSTEM CONTROL NUMBER
System control number 16504
020 ## - ISBN
ISBN 9608386381
040 ## - ΠΗΓΗ ΚΑΤΑΛΟΓΟΓΡΑΦΗΣΗΣ
Φορέας πρωτότυπης καταλογογράφησης MC Athens Campus Library
Γλώσσα καταλογογράφησης Ελληνικά, Μοντέρνα (1453-)
Modifying agency MC Athens Campus Library
Κανόνες περιγραφικής καταλογογράφησης AACR2
245 1# - ΤΙΤΛΟΣ ΚΑΙ ΔΗΛΩΣΗ ΥΠΕΥΘΥΝΟΤΗΤΑΣ
Τίτλος Πηγές Ανάπτυξης: Μπορεί η Ελλάδα να Ακολουθήσει το Παράδειγμα της Ιρλανδίας;
250 ## - EDITION STATEMENT
Edition statement
260 ## - PUBLICATION, DISTRIBUTION, ETC.
Name of publisher, distributor, etc. Κέρκυρα,
Date of publication, distribution, etc. 2006
300 ## - PHYSICAL DESCRIPTION
Extent 168
520 ## - SUMMARY, ETC.
Summary, etc. Πρόλογος, urobank EFG, Οι Ομιλητές, Χαιρετισμός, Εισαγωγή στο Συνέδριο, Τα Ερωτήματα που Τέθηκαν στους Ομιλητές, Η Αποψή του Ιδιωτικού Τομέα για την Εμπειρία του ''Κέλτικου Τίγρη'', Από το Ιρλανδικό Μοντέλο στη Στρατηγική της Λισαβόνας: Η Ελληνική Πορεία προς την Ανταγωνιστικότητα, Η Μεταμόρφωση της Ιρλανδικής Οικονομίας - Ο Ρόλος της Δημόσιας Πολιτικής, Συγκριτική Ανάλυση των Παραγόντων που Συνέβαλαν πρόσφατα στην Ανάπτυξη στην Ιρλανδία και την Ελλάδα, Η Εμπειρία της Ιρλανδίας και Διδάγματα για την Ελλάδα: Σύνοψη Συμπερασμάτων Συνεδρίου, Ευρετήριο.
700 1# - ΠΡΟΣΘΕΤΗ ΑΝΑΓΡΑΦΗ--ΦΥΣΙΚΟ ΠΡΟΣΩΠΟ
Personal name Χαρδούβελης Γκίκας Α
9 (RLIN) 2599
942 ## - ADDED ENTRY ELEMENTS (KOHA)
Koha item type Books
Holdings
Τύπος τεκμηρίου Βιβλιοθήκη Τρέχουσα τοποθεσία Barcode Αριθμός εισαγωγής Ημερομηνία απόκτησης Ταξιθετικό σύμβολο Αριθμός αντιτύπου Κατάσταση απόσυρσης Κατάσταση χαμένου Κατάσταση κατεστραμμένου Μη δανεισμός Σύνολο δανεισμών Ημερομηνία τελευταίας εμφάνισης Η τιμή ισχύει από
Books MC Athens Campus Library MC Athens Campus Library 9780000019974 4209 05/06/2025 332.49 HAR 1           05/06/2025 05/06/2025

MC Athens Campus Library
Πατησίων 94 & Κοδριγκτώνος 13, 104 34
Πελλήνης 8 & Πατησίων 107, 112 51
Τ: +30 210 8899600

MC Thessaloniki Campus Library
Ίωνος Δραγούμη 21, 54625 | Ίωνος Δραγούμη 15, 54625
Τ: +30 2310 287779 – Τ: +30 2314 440300